[Event "Test Tournament"]
[Site "Emanuel Lasker Arena"]
[Date "2024.04.09"]
[Round "1"]
[White "RCFlyer"]
[Black "Swindler"]
[Result "1-0"]
[WhiteElo "1980"]
[BlackElo "2226"]
[Annotator "RC"]
[PlyCount "99"]
[EventDate "2024.04.09"]
[EventType "swiss (blitz)"]

1. e4 {[%emt 0:00:01]} c5 {[%emt 0:00:01]} 2. Nf3 {[%emt 0:00:01]} d6 {[%emt 0:00:01]} 3. d4 {[%emt 0:00:01]} cxd4 {[%emt 0:00:01]} 4. Nxd4 {[%emt 0:00:01]} Nf6 {[%emt 0:00:01]} 5. Nc3 {[%emt 0:00:01]} a6 {[%emt 0:00:01]} 6. Bg5 {[%emt 0:00:01]} e6 {[%emt 0:00:01]} 7. f4 {[%emt 0:00:01]} Qb6 {[%emt 0:00:01]} 8. Qd2 {[%emt 0:00:01]} Qxb2 {[%emt 0:00:01]} 9. Rb1 {[%emt 0:00:01]} Qa3 {[%emt 0:00:01]} 10. Bxf6 {[%emt 0:00:01]} gxf6 {[%emt 0:00:01]} 11. Be2 {[%emt 0:00:01]} Bg7 {[%emt 0:00:01]} 12. f5 {[%emt 0:00:01]} O-O {[%emt 0:00:01]} 13. O-O {[%emt 0:00:01]} Nc6 {[%emt 0:00:01]} 14. Nxc6 {[%emt 0:00:01]} bxc6 {[%emt 0:00:01]} 15. Bd3 {[%emt 0:00:04]} exf5 {[%emt 0:00:01]} 16. exf5 {[%emt 0:00:01]} d5 {[%emt 0:00:04]} 17. h4 {[%emt 0:00:04]} Re8 {[%emt 0:00:04]} 18. g4 {[%emt 0:00:03]} h5 {[%emt 0:00:07]} 19. gxh5 {[%emt 0:00:01]} Qd6 {[%emt 0:00:07]} 20. Rf3 {[%emt 0:00:02]} Kh7 {[%emt 0:00:03]} 21. Re1 {[%emt 0:00:03]} Bh6 {[%emt 0:00:02]} 22. Qd1 {[%emt 0:00:03]} Rg8+ {[%emt 0:00:03]} 23. Kh1 {[%emt 0:00:02]} Qb4 {[%emt 0:00:02]} 24. Be4 {[%emt 0:00:02]} Rg4 {[%emt 0:00:01]} 25. Bxd5 {[%emt 0:00:02]} cxd5 {[%emt 0:00:01]} 26. Nxd5 {[%emt 0:00:01]} Qd6 {[%emt 0:00:02]} 27. Re7 {[%emt 0:00:02]} Rxh4+ {[%emt 0:00:01]} 28. Kg2 {[%emt 0:00:01]} Qh2+ {[%emt 0:00:01]} 29. Kf1 {[%emt 0:00:00]} Qh1+ {[%emt 0:00:01]} 30. Ke2 {[%emt 0:00:01]} Rh2+ {[%emt 0:00:01]} 31. Rf2 {[%emt 0:00:01]} Rxf2+ {[%emt 0:00:00]} 32. Kxf2 {[%emt 0:00:01]} Qxd1 {[%emt 0:00:01]} 33. c4 {[%emt 0:00:01]} Kg7 {[%emt 0:00:01]} 34. Re8 {[%emt 0:00:01]} Qc2+ {[%emt 0:00:01]} 35. Ke1 {[%emt 0:00:01]} Rb8 {[%emt 0:00:01]} 36. Nb6 {[%emt 0:00:01]} Qxa2 {[%emt 0:00:01]} 37. Rxc8 {[%emt 0:00:01]} Rxb6 {[%emt 0:00:01]} 38. Rd8 {[%emt 0:00:01]} Rb1+ {[%emt 0:00:01]} 39. Rd1 {[%emt 0:00:01]} Qxc4 {[%emt 0:00:00]} 40. Rxb1 {[%emt 0:00:01]} Qc3+ {[%emt 0:00:00]} 41. Kf2 {[%emt 0:00:01]} Qc2+ {[%emt 0:00:01]} 42. Kf3 {[%emt 0:00:01]} Qxb1 {[%emt 0:00:00]} 43. Kg4 {[%emt 0:00:01]} Qf1 {[%emt 0:00:01]} 44. Kg3 {[%emt 0:00:01]} a5 {[%emt 0:00:01]} 45. Kh4 {[%emt 0:00:01]} Qf4+ {[%emt 0:00:01]} 46. Kh3 {[%emt 0:00:00]} Qxf5+ {[%emt 0:00:00]} 47. Kh4 {[%emt 0:00:00]} Qf4+ {[%emt 0:00:00]} 48. Kh3 {[%emt 0:00:00]} f5 {[%emt 0:00:01]} 49. Kg2 {[%emt 0:00:00]} Qh4 {[%emt 0:00:01] '} 50. Kf1 {[%emt 0:00:00] (Lag: Av=0.07s, max=0.6s)} 1-0

[Event "Test Tournament"]
[Site "Emanuel Lasker Arena"]
[Date "2024.04.09"]
[Round "1"]
[White "RCFlyer"]
[Black "Klaus Junge"]
[Result "1-0"]
[WhiteElo "1977"]
[BlackElo "1620"]
[Annotator "RC"]
[PlyCount "26"]
[EventDate "2024.04.09"]
[EventType "swiss (blitz)"]

1. e4 {[%emt 0:00:01]} e5 {[%emt 0:00:01]} 2. Nf3 {[%emt 0:00:01]} Nc6 {[%emt 0:00:01]} 3. Bb5 {[%emt 0:00:01]} a6 {[%emt 0:00:01]} 4. Ba4 {[%emt 0:00:01]} Nf6 {[%emt 0:00:01]} 5. O-O {[%emt 0:00:01]} Nxe4 {[%emt 0:00:01]} 6. Re1 {[%emt 0:00:01]} Nc5 {[%emt 0:00:01]} 7. Nc3 {[%emt 0:00:01]} Be7 {[%emt 0:00:01]} 8. Nd5 {[%emt 0:00:01]} e4 {[%emt 0:00:01]} 9. Bxc6 {[%emt 0:00:01]} dxc6 {[%emt 0:00:01]} 10. Nxe7 {[%emt 0:00:01]} Qxe7 {[%emt 0:00:01]} 11. d4 {[%emt 0:00:02]} Nd7 {[%emt 0:00:02]} 12. Bg5 {[%emt 0:00:04]} f6 {[%emt 0:00:05]} 13. Bf4 {[%emt 0:00:07]} Nb6 {[%emt 0:00:03] Klaus Junge resigns} 1-0

[Event "Test Tournament"]
[Site "Emanuel Lasker Arena"]
[Date "2024.04.09"]
[Round "1"]
[White "RCFlyer"]
[Black "Botwinzig"]
[Result "1/2-1/2"]
[WhiteElo "1977"]
[BlackElo "1810"]
[Annotator "RC"]
[PlyCount "69"]
[EventDate "2024.04.09"]
[EventType "swiss (blitz)"]

1. e4 {[%emt 0:00:01]} c6 {[%emt 0:00:01]} 2. d4 {[%emt 0:00:01]} d5 {[%emt 0:00:01]} 3. e5 {[%emt 0:00:01]} Bf5 {[%emt 0:00:02]} 4. g4 {[%emt 0:00:01]} Be4 {[%emt 0:00:01]} 5. f3 {[%emt 0:00:01]} Bg6 {[%emt 0:00:05]} 6. h4 {[%emt 0:00:01]} Qa5+ {[%emt 0:00:01]} 7. c3 {[%emt 0:00:04]} h5 {[%emt 0:00:02]} 8. Qb3 {[%emt 0:00:04]} b5 {[%emt 0:00:01]} 9. e6 {[%emt 0:00:04]} Qc7 {[%emt 0:00:04]} 10. Bg5 {[%emt 0:00:03]} Qg3+ {[%emt 0:00:06]} 11. Kd2 {[%emt 0:00:01]} hxg4 {[%emt 0:00:01]} 12. fxg4 {[%emt 0:00:01]} Qxg4 {[%emt 0:00:02]} 13. exf7+ {[%emt 0:00:01]} Bxf7 {[%emt 0:00:01]} 14. Be2 {[%emt 0:00:03]} Qg2 {[%emt 0:00:03]} 15. Nf3 {[%emt 0:00:03]} Qxh1 {[%emt 0:00:01]} 16. Ne5 {[%emt 0:00:02]} Rxh4 {[%emt 0:00:01]} 17. Bxh4 {[%emt 0:00:01]} Qxh4 {[%emt 0:00:01]} 18. Na3 {[%emt 0:00:02]} a5 {[%emt 0:00:02]} 19. Rf1 {[%emt 0:00:02]} a4 {[%emt 0:00:03]} 20. Qb4 {[%emt 0:00:03]} e6 {[%emt 0:00:02]} 21. Qe7+ {[%emt 0:00:01]} Nxe7 {[%emt 0:00:01]} 22. Rxf7 {[%emt 0:00:01]} Nf5 {[%emt 0:00:01]} 23. Rxf8+ {[%emt 0:00:01]} Kxf8 {[%emt 0:00:01]} 24. Ng6+ {[%emt 0:00:01]} Kf7 {[%emt 0:00:01]} 25. Nc4 {[%emt 0:00:09]} Qg5+ {[%emt 0:00:01]} 26. Ke1 {[%emt 0:00:01]} bxc4 {[%emt 0:00:01]} 27. Ne5+ {[%emt 0:00:01]} Kg8 {[%emt 0:00:01]} 28. Bxc4 {[%emt 0:00:00]} Qg1+ {[%emt 0:00:01]} 29. Bf1 {[%emt 0:00:01]} Qg3+ {[%emt 0:00:01]} 30. Ke2 {[%emt 0:00:00]} Qh2+ {[%emt 0:00:01]} 31. Kf3 {[%emt 0:00:01]} Nh4+ {[%emt 0:00:01]} 32. Kg4 {[%emt 0:00:01]} Nf5 {[%emt 0:00:01]} 33. Kf3 {[%emt 0:00:01]} Nh4+ {[%emt 0:00:01]} 34. Kg4 {[%emt 0:00:01]} Nf5 {[%emt 0:00:01]} 35. Kf3 {[%emt 0:00:01] (Lag: Av=0.06s, max=0.4s)} 1/2-1/2

[Event "Test Tournament"]
[Site "Emanuel Lasker Arena"]
[Date "2024.04.09"]
[Round "1"]
[White "RCFlyer"]
[Black "Alicia"]
[Result "0-1"]
[WhiteElo "1977"]
[BlackElo "2226"]
[Annotator "RC"]
[PlyCount "72"]
[EventDate "2024.04.09"]
[EventType "swiss (blitz)"]

1. e4 {[%emt 0:00:01]} e5 {[%emt 0:00:01]} 2. Nf3 {[%emt 0:00:01]} Nc6 {[%emt 0:00:01]} 3. Bb5 {[%emt 0:00:01]} a6 {[%emt 0:00:01]} 4. Ba4 {[%emt 0:00:01]} Nf6 {[%emt 0:00:01]} 5. O-O {[%emt 0:00:01]} b5 {[%emt 0:00:01]} 6. Bb3 {[%emt 0:00:01]} Be7 {[%emt 0:00:01]} 7. Re1 {[%emt 0:00:01]} O-O {[%emt 0:00:01]} 8. c3 {[%emt 0:00:01]} d6 {[%emt 0:00:00]} 9. d4 {[%emt 0:00:01]} Bg4 {[%emt 0:00:01]} 10. Be3 {[%emt 0:00:01]} Bh5 {[%emt 0:00:01]} 11. Nbd2 {[%emt 0:00:01]} Na5 {[%emt 0:00:00]} 12. dxe5 {[%emt 0:00:01]} dxe5 {[%emt 0:00:01]} 13. h3 {[%emt 0:00:01]} h6 {[%emt 0:00:01]} 14. Qc2 {[%emt 0:00:04]} c5 {[%emt 0:00:02]} 15. g4 {[%emt 0:00:02]} Nxb3 {[%emt 0:00:01]} 16. axb3 {[%emt 0:00:01]} Qd7 {[%emt 0:00:04]} 17. Nxe5 {[%emt 0:00:01]} Qd6 {[%emt 0:00:04]} 18. Ndf3 {[%emt 0:00:02]} Qe6 {[%emt 0:00:03]} 19. b4 {[%emt 0:00:01]} Rfe8 {[%emt 0:00:03]} 20. bxc5 {[%emt 0:00:01]} Red8 {[%emt 0:00:03]} 21. c6 {[%emt 0:00:01]} a5 {[%emt 0:00:02]} 22. c7 {[%emt 0:00:01]} Rd6 {[%emt 0:00:02]} 23. b4 {[%emt 0:00:03]} a4 {[%emt 0:00:02]} 24. Bc5 {[%emt 0:00:04]} a3 {[%emt 0:00:02]} 25. Qb2 {[%emt 0:00:02]} Rda6 {[%emt 0:00:01]} 26. Qd2 {[%emt 0:00:02]} a2 {[%emt 0:00:02]} 27. c4 {[%emt 0:00:01]} bxc4 {[%emt 0:00:02]} 28. gxh5 {[%emt 0:00:01]} Bxc5 {[%emt 0:00:01]} 29. bxc5 {[%emt 0:00:01]} Ra3 {[%emt 0:00:01]} 30. Qd8+ {[%emt 0:00:01]} Kh7 {[%emt 0:00:01]} 31. Re2 {[%emt 0:00:02]} Qxh3 {[%emt 0:00:01]} 32. Rexa2 {[%emt 0:00:02]} Rxa2 {[%emt 0:00:01]} 33. Rxa2 {[%emt 0:00:01]} Rxa2 {[%emt 0:00:01]} 34. c8=Q {[%emt 0:00:01]} Ra1+ {[%emt 0:00:02]} 35. Qd1 {[%emt 0:00:01]} Rxd1+ {[%emt 0:00:01]} 36. Ne1 {[%emt 0:00:01]} Rxe1# {[%emt 0:00:01] (Lag: Av=0.06s, max=0.4s)} 0-1

[Event "Test Tournament"]
[Site "Emanuel Lasker Arena"]
[Date "2024.04.09"]
[Round "1"]
[White "Myopix"]
[Black "AlphaHero"]
[Result "0-1"]
[WhiteElo "1966"]
[BlackElo "2022"]
[Annotator "RC"]
[PlyCount "108"]
[EventDate "2024.04.09"]
[EventType "swiss (blitz)"]

1. e4 {[%emt 0:00:01]} e5 {[%emt 0:00:01]} 2. Nf3 {[%emt 0:00:01]} Nc6 {[%emt 0:00:01]} 3. Bb5 {[%emt 0:00:01]} Nf6 {[%emt 0:00:01]} 4. d3 {[%emt 0:00:01]} Bc5 {[%emt 0:00:01]} 5. c3 {[%emt 0:00:01]} d5 {[%emt 0:00:01]} 6. Nxe5 {[%emt 0:00:02]} O-O {[%emt 0:00:01]} 7. Nxc6 {[%emt 0:00:01]} bxc6 {[%emt 0:00:01]} 8. Bxc6 {[%emt 0:00:01]} Ng4 {[%emt 0:00:04]} 9. Bxa8 {[%emt 0:00:01]} Nxf2 {[%emt 0:00:01]} 10. Qf3 {[%emt 0:00:05]} Bg4 {[%emt 0:00:08]} 11. Qg3 {[%emt 0:00:02]} Qxa8 {[%emt 0:00:01]} 12. Rf1 {[%emt 0:00:04]} Nxd3+ {[%emt 0:00:01]} 13. Qxd3 {[%emt 0:00:01]} dxe4 {[%emt 0:00:01]} 14. Qc4 {[%emt 0:00:04]} Bb6 {[%emt 0:00:04]} 15. a4 {[%emt 0:00:03]} Qe8 {[%emt 0:00:04]} 16. a5 {[%emt 0:00:02]} Be6 {[%emt 0:00:01]} 17. Qxe4 {[%emt 0:00:01]} Bd5 {[%emt 0:00:03]} 18. Qxe8 {[%emt 0:00:01]} Rxe8+ {[%emt 0:00:01]} 19. Kd1 {[%emt 0:00:01]} Bb3+ {[%emt 0:00:03]} 20. Kd2 {[%emt 0:00:01]} Rd8+ {[%emt 0:00:01]} 21. Ke2 {[%emt 0:00:01]} Bc4+ {[%emt 0:00:03]} 22. Kf3 {[%emt 0:00:01]} Bxf1 {[%emt 0:00:01]} 23. axb6 {[%emt 0:00:01]} axb6 {[%emt 0:00:01]} 24. Bg5 {[%emt 0:00:02]} f6 {[%emt 0:00:02]} 25. Kf2 {[%emt 0:00:02]} Rd1 {[%emt 0:00:01]} 26. Ra7 {[%emt 0:00:02]} Rxb1 {[%emt 0:00:01]} 27. Bc1 {[%emt 0:00:02]} Rxc1 {[%emt 0:00:01]} 28. Rxc7 {[%emt 0:00:01]} Ba6 {[%emt 0:00:01]} 29. Ra7 {[%emt 0:00:01]} Bd3 {[%emt 0:00:01]} 30. Rd7 {[%emt 0:00:01]} Rc2+ {[%emt 0:00:01]} 31. Ke3 {[%emt 0:00:01]} Bc4 {[%emt 0:00:01]} 32. Kd4 {[%emt 0:00:01]} Rd2+ {[%emt 0:00:01]} 33. Kxc4 {[%emt 0:00:01]} Rxd7 {[%emt 0:00:00]} 34. h4 {[%emt 0:00:01]} g5 {[%emt 0:00:01]} 35. h5 {[%emt 0:00:01]} Rd2 {[%emt 0:00:01]} 36. b4 {[%emt 0:00:01]} Rxg2 {[%emt 0:00:01]} 37. Kb5 {[%emt 0:00:01]} g4 {[%emt 0:00:01]} 38. Kxb6 {[%emt 0:00:01]} g3 {[%emt 0:00:01]} 39. b5 {[%emt 0:00:01]} Rb2 {[%emt 0:00:01]} 40. Kc6 {[%emt 0:00:01]} g2 {[%emt 0:00:01]} 41. b6 {[%emt 0:00:01]} g1=B {[%emt 0:00:00]} 42. b7 {[%emt 0:00:01]} f5 {[%emt 0:00:00]} 43. Kc7 {[%emt 0:00:00]} Kf7 {[%emt 0:00:00]} 44. Kb8 {[%emt 0:00:00]} f4 {[%emt 0:00:01]} 45. Ka8 {[%emt 0:00:01]} f3 {[%emt 0:00:01]} 46. c4 {[%emt 0:00:01]} Ra2+ {[%emt 0:00:01]} 47. Kb8 {[%emt 0:00:01]} f2 {[%emt 0:00:00]} 48. Kc8 {[%emt 0:00:00]} f1=R {[%emt 0:00:00]} 49. b8=Q {[%emt 0:00:00]} Bc5 {[%emt 0:00:01]} 50. Qe5 {[%emt 0:00:01]} Bf8 {[%emt 0:00:01]} 51. c5 {[%emt 0:00:01]} Ra7 {[%emt 0:00:01]} 52. c6 {[%emt 0:00:01]} Re7 {[%emt 0:00:00] .} 53. Qd4 {[%emt 0:00:01]} Rf6 {[%emt 0:00:00]} 54. Qg4 {[%emt 0:00:01]} Rxc6+ {[%emt 0:00:00]} 0-1

[Event "Test Tournament"]
[Site "Emanuel Lasker Arena"]
[Date "2024.04.09"]
[Round "1"]
[White "Myopix"]
[Black "Brutus"]
[Result "1-0"]
[WhiteElo "1965"]
[BlackElo "2041"]
[Annotator "RC"]
[PlyCount "26"]
[EventDate "2024.04.09"]
[EventType "swiss (blitz)"]

1. e4 {[%emt 0:00:02]} Nf6 {[%emt 0:00:01]} 2. e5 {[%emt 0:00:02]} Nd5 {[%emt 0:00:01]} 3. d4 {[%emt 0:00:01]} d6 {[%emt 0:00:01]} 4. c4 {[%emt 0:00:01]} Nb6 {[%emt 0:00:01]} 5. f4 {[%emt 0:00:02]} dxe5 {[%emt 0:00:01]} 6. fxe5 {[%emt 0:00:01]} Bf5 {[%emt 0:00:01]} 7. Be3 {[%emt 0:00:03]} Nc6 {[%emt 0:00:01]} 8. Nc3 {[%emt 0:00:01]} e6 {[%emt 0:00:01]} 9. Nf3 {[%emt 0:00:01]} Bg4 {[%emt 0:00:01]} 10. Qd2 {[%emt 0:00:01]} Be7 {[%emt 0:00:01]} 11. h4 {[%emt 0:00:01]} Qd7 {[%emt 0:00:02]} 12. h5 {[%emt 0:00:02]} O-O-O {[%emt 0:00:04]} 13. O-O-O {[%emt 0:00:03]} f5 {[%emt 0:00:04] Myopix resigns (Lag: Av=0.05s, max=0.1s) Brutus resigns} 1-0

[Event "Test Tournament"]
[Site "Emanuel Lasker Arena"]
[Date "2024.04.09"]
[Round "1"]
[White "Myopix"]
[Black "Einpassant"]
[Result "0-1"]
[WhiteElo "1965"]
[BlackElo "1620"]
[Annotator "NA RC"]
[PlyCount "42"]
[EventDate "2024.04.09"]
[EventType "swiss (blitz)"]

1. e4 {[%emt 0:00:01]} e5 {[%emt 0:00:01]} 2. Nf3 {[%emt 0:00:01]} Nc6 {[%emt 0:00:01]} 3. Bb5 {[%emt 0:00:01]} a6 {[%emt 0:00:01]} 4. Ba4 {[%emt 0:00:01]} Nf6 {[%emt 0:00:01]} 5. O-O {[%emt 0:00:02]} Be7 {[%emt 0:00:01]} 6. Qe2 {[%emt 0:00:01]} b5 {[%emt 0:00:01]} 7. Bb3 {[%emt 0:00:02]} O-O {[%emt 0:00:01]} 8. c3 {[%emt 0:00:01]} d5 {[%emt 0:00:01]} 9. h4 {[%emt 0:00:07]} Nxe4 {[%emt 0:00:01]} 10. Bc2 {[%emt 0:00:02]} Bg4 {[%emt 0:00:02]} 11. Bxe4 {[%emt 0:00:01]} dxe4 {[%emt 0:00:01]} 12. Qxe4 {[%emt 0:00:01]} Qd7 {[%emt 0:00:04]} 13. Ng5 {[%emt 0:00:04]} f5 {[%emt 0:00:03]} 14. f4 {[%emt 0:00:08]} Bc5+ {[%emt 0:00:03]} 15. d4 {[%emt 0:00:02]} fxe4 {[%emt 0:00:01]} 16. dxc5 {[%emt 0:00:01]} exf4 {[%emt 0:00:01]} 17. Bxf4 {[%emt 0:00:00]} e3 {[%emt 0:00:03]} 18. h5 {[%emt 0:00:02]} e2 {[%emt 0:00:03]} 19. Bxc7 {[%emt 0:00:16]} exf1=Q+ {[%emt 0:00:02]} 20. Kh2 {[%emt 0:00:01]} Qxc7+ {[%emt 0:00:01]} 21. g3 {[%emt 0:00:01]} Rf2# {[%emt 0:00:02] (Lag: Av=0.07s, max=0.2s)} 0-1

[Event "Test Tournament"]
[Site "Emanuel Lasker Arena"]
[Date "2024.04.09"]
[Round "1"]
[White "Daenerys"]
[Black "Jamie Fraser"]
[Result "0-1"]
[WhiteElo "1925"]
[BlackElo "2119"]
[Annotator "RC"]
[PlyCount "26"]
[EventDate "2024.04.09"]
[EventType "swiss (blitz)"]

1. d4 {[%emt 0:00:01]} Nf6 {[%emt 0:00:01]} 2. Nc3 {[%emt 0:00:01]} d5 {[%emt 0:00:01]} 3. Bg5 {[%emt 0:00:01]} Nbd7 {[%emt 0:00:01]} 4. e4 {[%emt 0:00:01]} dxe4 {[%emt 0:00:01]} 5. Bc4 {[%emt 0:00:01]} h6 {[%emt 0:00:01]} 6. h4 {[%emt 0:00:03]} hxg5 {[%emt 0:00:01]} 7. Nh3 {[%emt 0:00:03]} gxh4 {[%emt 0:00:01]} 8. Ng5 {[%emt 0:00:04]} e6 {[%emt 0:00:01]} 9. Ngxe4 {[%emt 0:00:01]} Bb4 {[%emt 0:00:05]} 10. Qf3 {[%emt 0:00:05]} Nb6 {[%emt 0:00:04]} 11. Nd2 {[%emt 0:00:04]} Qxd4 {[%emt 0:00:01]} 12. Bb5+ {[%emt 0:00:07]} c6 {[%emt 0:00:03]} 13. Nd1 {[%emt 0:00:04]} Qxd2+ {[%emt 0:00:07] Daenerys resigns (Lag: Av=0.05s, max=0.1s)} 0-1

[Event "Test Tournament"]
[Site "Emanuel Lasker Arena"]
[Date "2024.04.09"]
[Round "1"]
[White "Copacablanca"]
[Black "NicholasRenzi"]
[Result "1-0"]
[WhiteElo "1922"]
[BlackElo "2016"]
[Annotator "NA RC"]
[PlyCount "89"]
[EventDate "2024.04.09"]
[EventType "swiss (blitz)"]

1. d4 {[%emt 0:00:01]} Nf6 {[%emt 0:00:01]} 2. c4 {[%emt 0:00:01]} e6 {[%emt 0:00:01]} 3. g3 {[%emt 0:00:01]} d5 {[%emt 0:00:01]} 4. Bg2 {[%emt 0:00:01]} Bb4+ {[%emt 0:00:01]} 5. Nd2 {[%emt 0:00:01]} O-O {[%emt 0:00:01]} 6. Ngf3 {[%emt 0:00:01]} dxc4 {[%emt 0:00:01]} 7. Qc2 {[%emt 0:00:01]} Nc6 {[%emt 0:00:01]} 8. Qxc4 {[%emt 0:00:01]} Qd5 {[%emt 0:00:01]} 9. O-O {[%emt 0:00:01]} Bxd2 {[%emt 0:00:01]} 10. Qxd5 {[%emt 0:00:01]} exd5 {[%emt 0:00:01]} 11. Bxd2 {[%emt 0:00:01]} Re8 {[%emt 0:00:04]} 12. e3 {[%emt 0:00:01]} Ne4 {[%emt 0:00:02]} 13. Rfc1 {[%emt 0:00:04]} a5 {[%emt 0:00:01]} 14. Rc2 {[%emt 0:00:03]} a4 {[%emt 0:00:03]} 15. Ne5 {[%emt 0:00:03]} Nxe5 {[%emt 0:00:01]} 16. dxe5 {[%emt 0:00:01]} a3 {[%emt 0:00:04]} 17. Bxe4 {[%emt 0:00:04]} dxe4 {[%emt 0:00:01]} 18. b4 {[%emt 0:00:06]} b5 {[%emt 0:00:07]} 19. Rxc7 {[%emt 0:00:01]} Bh3 {[%emt 0:00:03]} 20. Bc3 {[%emt 0:00:02]} Ra4 {[%emt 0:00:02]} 21. Rd1 {[%emt 0:00:02]} Bg4 {[%emt 0:00:02]} 22. Rd5 {[%emt 0:00:02]} Be6 {[%emt 0:00:02]} 23. Rd2 {[%emt 0:00:02]} Bc4 {[%emt 0:00:02]} 24. Kg2 {[%emt 0:00:02]} g6 {[%emt 0:00:02]} 25. f3 {[%emt 0:00:02]} h5 {[%emt 0:00:02]} 26. h4 {[%emt 0:00:01]} Rea8 {[%emt 0:00:01]} 27. Rb7 {[%emt 0:00:01]} Rc8 {[%emt 0:00:01]} 28. g4 {[%emt 0:00:01]} Be6 {[%emt 0:00:01]} 29. Bd4 {[%emt 0:00:01]} exf3+ {[%emt 0:00:00]} 30. Kf2 {[%emt 0:00:01]} Rc1 {[%emt 0:00:01]} 31. gxh5 {[%emt 0:00:01]} gxh5 {[%emt 0:00:01]} 32. Rxb5 {[%emt 0:00:01]} Rb1 {[%emt 0:00:01]} 33. Ra5 {[%emt 0:00:01]} Raxb4 {[%emt 0:00:01]} 34. Rxa3 {[%emt 0:00:01]} Rh1 {[%emt 0:00:01]} 35. Ra8+ {[%emt 0:00:01]} Kg7 {[%emt 0:00:01]} 36. Rd3 {[%emt 0:00:01]} Rh2+ {[%emt 0:00:01]} 37. Kxf3 {[%emt 0:00:01]} Rxh4 {[%emt 0:00:01]} 38. a4 {[%emt 0:00:01]} Bd5+ {[%emt 0:00:00]} 39. Kf2 {[%emt 0:00:00]} Rh2+ {[%emt 0:00:00]} 40. Kg3 {[%emt 0:00:00]} Bxa8 {[%emt 0:00:00]} 41. Kxh2 {[%emt 0:00:00]} Rxa4 {[%emt 0:00:00]} 42. Kh3 {[%emt 0:00:01]} Ra2 {[%emt 0:00:01]} 43. e4 {[%emt 0:00:01]} Kg8 {[%emt 0:00:01]} 44. Kh4 {[%emt 0:00:01]} Bc6 {[%emt 0:00:01] '} 45. Rc3 {[%emt 0:00:01] (Lag: Av=0.09s, max=0.7s)} 1-0

[Event "Test Tournament"]
[Site "Emanuel Lasker Arena"]
[Date "2024.04.09"]
[Round "1"]
[White "Daenerys"]
[Black "MikhailBerg"]
[Result "0-1"]
[WhiteElo "1922"]
[BlackElo "2094"]
[Annotator "RC"]
[PlyCount "52"]
[EventDate "2024.04.09"]
[EventType "swiss (blitz)"]

1. d4 {[%emt 0:00:01]} f5 {[%emt 0:00:01]} 2. g3 {[%emt 0:00:02]} Nf6 {[%emt 0:00:01]} 3. Bg2 {[%emt 0:00:01]} g6 {[%emt 0:00:01]} 4. b3 {[%emt 0:00:00]} Bg7 {[%emt 0:00:01]} 5. Bb2 {[%emt 0:00:01]} d6 {[%emt 0:00:01]} 6. Nf3 {[%emt 0:00:01]} Ne4 {[%emt 0:00:01]} 7. c4 {[%emt 0:00:01]} O-O {[%emt 0:00:01]} 8. Qc2 {[%emt 0:00:04]} Nc6 {[%emt 0:00:01]} 9. Nc3 {[%emt 0:00:06]} Nxd4 {[%emt 0:00:01]} 10. Nxd4 {[%emt 0:00:01]} Bxd4 {[%emt 0:00:01]} 11. Nxe4 {[%emt 0:00:01]} e5 {[%emt 0:00:01]} 12. Nc3 {[%emt 0:00:03]} Qg5 {[%emt 0:00:04]} 13. h4 {[%emt 0:00:03]} Qh5 {[%emt 0:00:04]} 14. Nd5 {[%emt 0:00:03]} c6 {[%emt 0:00:04]} 15. Bf3 {[%emt 0:00:03]} Qh6 {[%emt 0:00:01]} 16. Bc1 {[%emt 0:00:02]} f4 {[%emt 0:00:04]} 17. Ne7+ {[%emt 0:00:02]} Kg7 {[%emt 0:00:01]} 18. Nxc8 {[%emt 0:00:01]} Raxc8 {[%emt 0:00:01]} 19. Rb1 {[%emt 0:00:02]} d5 {[%emt 0:00:03]} 20. gxf4 {[%emt 0:00:01]} exf4 {[%emt 0:00:01]} 21. Ba3 {[%emt 0:00:02]} Rfe8 {[%emt 0:00:02]} 22. h5 {[%emt 0:00:02]} b5 {[%emt 0:00:03]} 23. Kd1 {[%emt 0:00:01]} Qg5 {[%emt 0:00:01]} 24. hxg6 {[%emt 0:00:01]} hxg6 {[%emt 0:00:01]} 25. Rc1 {[%emt 0:00:01]} Qe5 {[%emt 0:00:02]} 26. Bb4 {[%emt 0:00:01]} c5 {[%emt 0:00:02] Time (Lag: Av=0.06s, max=0.2s) .} 0-1

[Event "Test Tournament"]
[Site "Emanuel Lasker Arena"]
[Date "2024.04.09"]
[Round "1"]
[White "Daenerys"]
[Black "Local Hero"]
[Result "0-1"]
[WhiteElo "1922"]
[BlackElo "1983"]
[Annotator "RC"]
[PlyCount "46"]
[EventDate "2024.04.09"]
[EventType "swiss (blitz)"]

1. d4 {[%emt 0:00:01]} d5 {[%emt 0:00:01]} 2. e4 {[%emt 0:00:01]} dxe4 {[%emt 0:00:01]} 3. Nc3 {[%emt 0:00:01]} e6 {[%emt 0:00:01]} 4. Nxe4 {[%emt 0:00:01]} Nd7 {[%emt 0:00:01]} 5. Nf3 {[%emt 0:00:01]} Ngf6 {[%emt 0:00:01]} 6. Bg5 {[%emt 0:00:01]} h6 {[%emt 0:00:01]} 7. Bxf6 {[%emt 0:00:09]} Nxf6 {[%emt 0:00:01]} 8. Nxf6+ {[%emt 0:00:01]} Qxf6 {[%emt 0:00:01]} 9. Bb5+ {[%emt 0:00:03]} c6 {[%emt 0:00:01]} 10. Ng5 {[%emt 0:00:11]} hxg5 {[%emt 0:00:01]} 11. Bd3 {[%emt 0:00:02]} Qxd4 {[%emt 0:00:01]} 12. h4 {[%emt 0:00:02]} gxh4 {[%emt 0:00:01]} 13. c3 {[%emt 0:00:02]} Qd5 {[%emt 0:00:04]} 14. f3 {[%emt 0:00:02]} h3 {[%emt 0:00:04]} 15. gxh3 {[%emt 0:00:02]} Rh4 {[%emt 0:00:03]} 16. c4 {[%emt 0:00:02]} Bb4+ {[%emt 0:00:03]} 17. Ke2 {[%emt 0:00:01]} Qd4 {[%emt 0:00:03]} 18. Qb3 {[%emt 0:00:01]} a5 {[%emt 0:00:03]} 19. a3 {[%emt 0:00:01]} Qe5+ {[%emt 0:00:02]} 20. Be4 {[%emt 0:00:01]} Bc5 {[%emt 0:00:02]} 21. Kf1 {[%emt 0:00:01]} a4 {[%emt 0:00:02]} 22. Qd1 {[%emt 0:00:02]} Qxb2 {[%emt 0:00:02]} 23. Bb1 {[%emt 0:00:01]} Qf2# {[%emt 0:00:02] (Lag: Av=0.07s, max=0.6s)} 0-1

[Event "Test Tournament"]
[Site "Emanuel Lasker Arena"]
[Date "2024.04.09"]
[Round "1"]
[White "Zimtowitch"]
[Black "Bauernklopper"]
[Result "0-1"]
[WhiteElo "1896"]
[BlackElo "1620"]
[Annotator "NA RC"]
[PlyCount "40"]
[EventDate "2024.04.09"]
[EventType "swiss (blitz)"]

1. d4 {[%emt 0:00:01]} d5 {[%emt 0:00:01]} 2. c4 {[%emt 0:00:01]} dxc4 {[%emt 0:00:01]} 3. Nf3 {[%emt 0:00:01]} Nf6 {[%emt 0:00:01]} 4. e3 {[%emt 0:00:01]} e6 {[%emt 0:00:01]} 5. Bxc4 {[%emt 0:00:01]} c5 {[%emt 0:00:01]} 6. O-O {[%emt 0:00:01]} a6 {[%emt 0:00:01]} 7. dxc5 {[%emt 0:00:01]} Qxd1 {[%emt 0:00:01]} 8. Rxd1 {[%emt 0:00:01]} Bxc5 {[%emt 0:00:01]} 9. Nbd2 {[%emt 0:00:01]} b6 {[%emt 0:00:01]} 10. Nb3 {[%emt 0:00:01]} Nbd7 {[%emt 0:00:04]} 11. Nxc5 {[%emt 0:00:01]} Nxc5 {[%emt 0:00:01]} 12. Rd6 {[%emt 0:00:03]} b5 {[%emt 0:00:04]} 13. b4 {[%emt 0:00:02]} Nce4 {[%emt 0:00:04]} 14. a4 {[%emt 0:00:04]} Nxd6 {[%emt 0:00:01]} 15. Be2 {[%emt 0:00:04]} bxa4 {[%emt 0:00:04]} 16. Rxa4 {[%emt 0:00:04]} O-O {[%emt 0:00:05]} 17. Bb2 {[%emt 0:00:03]} Bb7 {[%emt 0:00:03]} 18. Be5 {[%emt 0:00:03]} Bxf3 {[%emt 0:00:02]} 19. gxf3 {[%emt 0:00:01]} Nb5 {[%emt 0:00:02]} 20. f4 {[%emt 0:00:03]} Nd5 {[%emt 0:00:02] Zimtowitch resigns (Lag: Av=0.05s, max=0.1s)} 0-1